000 00550nam a22002177a 4500
003 OSt
005 20140310182934.0
008 130201t xxu||||| |||| 00| 0 eng d
020 _a9715740871
050 _aBL820
_b.E77 2004
082 _aFIL 700.1
_2H88 2004
245 _aHumanities for college students
_cEspina, Felicidad
260 _aQuezon City
_bKatha
_cc2004
300 _a180 p.
_c25.3 cm.
521 _acollege students
526 _c1210L-1700L
541 _j1
541 _j2
562 _e2
942 _2lcc
_cBK
_kFIL
999 _c17579
_d17579